| 000 | 00393nam a2200157Ia 4500 | ||
|---|---|---|---|
| 003 | GCL | ||
| 008 | 140319s9999 xx 000 0 eng d | ||
| 040 |
_aGCL / _cGCL |
||
| 082 | 0 | 4 |
_a515 _bR A |
| 100 | 1 | _aROMALEY, WILLIAM | |
| 245 | 1 | 0 |
_aAPPLIED CALCULUS / _cROMALEY, WILLIAM |
| 260 |
_a[S.N] : _bWM. C. BROWN PUBLISHERS ، _c1995 |
||
| 300 | _a885 | ||
| 650 | 0 | 4 | _aCALCULUS |
| 942 |
_2ddc _cBK |
||
| 999 |
_c10189 _d10189 |
||